Pokemon that end with eon - Statistics

General Stats
  • This quiz has been taken 2,131 times
  • The average score is 8 of 10
Answer Stats
Hint Answer % Correct
water type (evolution of eevee) vaporeon
97%
fire (evolution of eevee) flareon
94%
electric (evolution of eevee) jolteon
94%
dark (evolution of eevee) umbreon
94%
ice (evolution of eevee) glaceon
92%
grass (evolution of eevee) leafeon
92%
psychic (evolution of eevee) espeon
91%
water and steel type empoleon
63%
water lumineon
55%
water finneon
49%
No matching quizzes found
Score Distribution
Percent of People with Each Score
Percentile by Number Answered
Your Score History
You have not taken this quiz